| 000 | 00617nam a22002177a 4500 | ||
|---|---|---|---|
| 003 | OSt | ||
| 005 | 20140310182952.0 | ||
| 008 | 130206t xxu||||| |||| 00| 0 eng d | ||
| 020 | _a9716856828 | ||
| 050 |
_aLB 1060 _b.L962 2011 |
||
| 100 | _aLucas, Maria Rita D. | ||
| 245 |
_aFacilitating learning : _ba metacognitive process / _c Maria Rita D. Lucas, Ph.D. and Brenda B. Corpuz, Ph.D. |
||
| 260 |
_aQuezon City : _bLorimar Publishing, _c2011. |
||
| 300 |
_a228 p. : _c 25 cm. _bill. ; |
||
| 521 | _aEDU | ||
| 562 | _e3 | ||
| 942 |
_2lcc _cBK _kLOC |
||
| 999 |
_c17938 _d17938 |
||